| 000 | 00538nam a2200157Ia 4500 | ||
|---|---|---|---|
| 005 | 20250728154343.0 | ||
| 008 | 250728s9999 xx 000 0 und d | ||
| 020 | _a9781402761843 | ||
| 082 |
_a951.050922 _bCHE |
||
| 100 | _aChen, Yuan-tsung | ||
| 245 | 0 | _aReturn to the Middle Kingdom | |
| 260 |
_bUnion Square Music _c2008 |
||
| 500 | _aThe author chronicles three generations of her late husband's family, all of who fought against the injustices they encountered in their homeland of China. | ||
| 650 | _aChina | ||
| 942 | _cENGLISH | ||
| 999 |
_c577792 _d577792 |
||